Những danh tướng của Trung Hoa thời xưa Thập đại danh tướng Trung Hoa
vv
Đã lưu trong:
| Tác giả chính: | |
|---|---|
| Định dạng: | Sách |
| Năm xuất bản: |
H.
Văn hóa dân tộc
1996
|
| Chủ đề: | |
| Tags: |
Thêm thẻ
Không có thẻ, Hãy là người đầu tiên gắn thẻ bản ghi này!
|
| LEADER | 00846nam a2200181 4500 | ||
|---|---|---|---|
| 082 | |a 951.092 |b L250Gi | ||
| 100 | |a Lê Giảng | ||
| 245 | |a Những danh tướng của Trung Hoa thời xưa |c Lê Giảng biên soạn |b Thập đại danh tướng Trung Hoa | ||
| 260 | |a H. |b Văn hóa dân tộc |c 1996 | ||
| 300 | |a 259tr. |c 19cm | ||
| 520 | |a vv | ||
| 653 | |a Lịch sử | ||
| 653 | |a Trung Quốc | ||
| 653 | |a Danh nhân | ||
| 942 | |2 ddc |c STK0 | ||
| 999 | |c 2610 |d 2610 | ||
| 952 | |0 0 |1 0 |2 ddc |4 0 |6 951_092000000000000_L250GI |7 1 |8 900 |9 32419 |a qbu |b qbu |c D5 |d 2014-12-14 |g 19700 |o 951.092 L250GI |p 4160.C1 |r 0000-00-00 |w 2014-12-14 |y STK0 |0 0 |6 951_092000000000000_L250GI | ||
| 952 | |0 0 |1 0 |2 ddc |4 0 |6 951_092000000000000_L250GI |7 0 |8 900 |9 32420 |a qbu |b qbu |c D5 |d 2014-12-14 |g 19700 |l 1 |o 951.092 L250GI |p 4160.C2 |r 2018-03-14 |s 2018-03-07 |w 2014-12-14 |y STK0 |0 0 |6 951_092000000000000_L250GI | ||